Central Library OPAC University of Rajshahi

میر حسن :حیات اور ادبی خدمات / Mīr Ḥasan :hayat or adbi khidmaatʼ / (Record no. 86520)

MARC details
000 -LEADER
fixed length control field 00718nam a22002177a 4500
001 - CONTROL NUMBER
control field 86520
003 - CONTROL NUMBER IDENTIFIER
rucl marc code BD-RjUL
005 - DATE AND TIME OF LATEST TRANSACTION
control field 20260520114654.0
008 - FIXED-LENGTH DATA ELEMENTS--GENERAL INFORMATION
fixed length control field 260520s1956 pk ||||| |||| 00| 0 urd d
035 ## - SYSTEM CONTROL NUMBER
System control number (BD-RjUL)86520
040 ## - CATALOGING SOURCE
Original cataloging agency BD-RjUL
Language of cataloging eng
Transcribing agency BD-RjUL
041 ## - LANGUAGE CODE
Language code of text/sound track or separate title urd
082 ## - DEWEY DECIMAL CLASSIFICATION NUMBER
Edition number 23
Classification number 891.4391092
Author mark and year FAM 1973
100 ## - MAIN ENTRY--PERSONAL NAME
Personal name Fazal-ul-Haq ;; فضل الحق.
9 (RLIN) 17885
245 10 - TITLE STATEMENT
Title میر حسن :حیات اور ادبی خدمات / Mīr Ḥasan :hayat or adbi khidmaatʼ /
Statement of responsibility, etc. فضل الحق. ;;Fazal-ul-Haq
264 ## - PRODUCTION, PUBLICATION, DISTRIBUTION, MANUFACTURE, AND COPYRIGHT NOTICE
Place of production, publication, distribution, manufacture Lahore:
Name of producer, publisher, distributor, manufacturer Maktuba -i - jadid,
Date of production, publication, distribution, manufacture, or copyright notice 1956
300 ## - PHYSICAL DESCRIPTION
Pagination 352 p. ;
Size 17 cm
600 ## - SUBJECT ADDED ENTRY--PERSONAL NAME
Personal name Mir Hasan
General subdivision Biography
650 ## - SUBJECT ADDED ENTRY--TOPICAL TERM
Topical term or geographic name as entry element Urdu poetry
Form subdivision History and criticism
9 (RLIN) 17886
942 ## - ADDED ENTRY ELEMENTS (KOHA)
Source of classification or shelving scheme Dewey Decimal Classification
Koha item type Books
Holdings
Lost status Source of classification or shelving scheme Damaged status Not for loan Collection code Permanent Location Current Location Shelving location Date acquired Total Checkouts Full call number Date last seen Copy number Koha item type
  Dewey Decimal Classification   Not For Loan Non-fiction Central Library, University of Rajshahi Central Library, University of Rajshahi Reading Room 20/05/2026   U 891.439092 FAM 1973 20/05/2026 C-1 Books